[Event "Cto de Aragon por Equipos – Preferente Grupo I"]
[Site ""]
[Date "2022.03.26"]
[Round "9.40"]
[White "Martinez Blanco, Ruben"]
[Black "Gonzalez Azuara, Javier"]
[Result "0-1"]
[WhiteElo "1051"]
[BlackElo "1704"]
[PlyCount "0"]
[WhiteTeam "Delicias B"]
[BlackTeam "Helios B"]
[EventDate "2022.01.29"]

1. d4 d5 2. Nf3 Nf6 3. g3 Bf5 4. Bg2 h6 5. O-O e6 6. c4 c6 7. Nbd2 Be7 8. a3
O-O 9. cxd5 cxd5 10. Ne5 Nbd7 11. Ndf3 Qb6 12. b3 Rac8 13. Bf4 Bc2 14. Qd2 Qxb3
15. g4 Bxa3 16. Qa5 Bb2 17. Ra2 Bc3 18. Qxa7 Ra8 19. Qxa8 Rxa8 20. Rxa8+ Kh7
21. g5 Nxe5 22. Bxe5 hxg5 23. Nxg5+ Kg6 24. Nh3 Qc4 25. Nf4+ Kh7 26. Rf8 Nd7
27. Rxf7 Nxe5 28. dxe5 Kg8 29. Rxb7 Qxf4 30. Rc7 Bxe5 31. Rc8+ Kh7 32. f3 Qxh2+
33. Kf2 Bg3+ 34. Ke3 Qxg2 35. Ra1 Qf2+ 36. Kd2 Qd4+ 0-1

[Event "Cto de Aragon por Equipos – Preferente Grupo I"]
[Site ""]
[Date "2022.03.26"]
[Round "9.41"]
[White "Dominguez Bujeda, Jesus"]
[Black "Muro Guerrero, Miguel"]
[Result "1-0"]
[WhiteElo "2083"]
[BlackElo "1906"]
[PlyCount "0"]
[WhiteTeam "Teruel"]
[BlackTeam "Dr. Azua"]
[EventDate "2022.01.29"]

1. d4 d5 2. c4 e6 3. Nc3 a6 4. e4 dxc4 5. Bxc4 b5 6. Bb3 Bb7 7. Nf3 b4 8. Ne2 Bxe4 
9. Nf4 Bd6 10. Nh5 g6 11. Qe2 Bb7 12. Bg5 Be7 13. Qe5 Bxg5 14. Qxh8 Kd7 15. Ne5+ 
Ke7 16. Nxf7 Kxf7 17. Qg7+ Ke8 18. Qxg8+ Ke7 19. Qxe6+  1-0

[Event "Cto de Aragon por Equipos – Preferente Grupo I"]
[Site ""]
[Date "2022.03.26"]
[Round "9.42"]
[White "Cajo Esteban, Ruben"]
[Black "Gomez Calomarde, Saul"]
[Result "1/2-1/2"]
[WhiteElo "1868"]
[BlackElo "2023"]
[PlyCount "0"]
[WhiteTeam "Dr. Azua"]
[BlackTeam "Teruel"]
[EventDate "2022.01.29"]

1. d4 Nf6 2. c4 c5 3. Nf3 cxd4 4. Nxd4 Nc6 5. Nc3 g6 6. e4 Bg7 7. Be3 Ng4 8. Qxg4 
Nxd4 9. Qd1 Ne6 10. Qc2 Qa5 11. Bd2 Nd4 12. Qd1 Qe5 13. Bd3 Ne6 14. 0-0 Nf4 15. 
Bc2 0-0 16. Qf3 Ne6 17. Rad1  1/2-1/2

[Event "Cto de Aragon por Equipos – Preferente Grupo I"]
[Site ""]
[Date "2022.03.26"]
[Round "9.45"]
[White "Garcia Acin, Pablo"]
[Black "Sanjuan Segura, Ignacio"]
[Result "1-0"]
[WhiteElo "1757"]
[BlackElo "1681"]
[PlyCount "0"]
[WhiteTeam "IberCaja B"]
[BlackTeam "Palacio De Pioneros D"]
[EventDate "2022.01.29"]

1. e4 g6 2. d4 Bg7 3. f4 c6 4. Nf3 d5 5. e5 Nh6 6. Bd3 f6 7. O-O Bg4 8. h3 Bxf3
9. Qxf3 O-O 10. Qe2 fxe5 11. dxe5 Nd7 12. Be3 c5 13. c3 Qc7 14. Nd2 a6 15. Nf3
e6 16. g4 Nf7 17. Bc2 b5 18. Rac1 Rab8 19. h4 b4 20. h5 bxc3 21. hxg6 hxg6 22.
bxc3 Nfxe5 23. fxe5 Nxe5 24. Ng5 Nc4 25. Rxf8+ Rxf8 26. Kg2 Qe5 27. Re1 Bh6 28.
Bc1 Qxe2+ 29. Rxe2 e5 30. Bb3 Rb8 31. Bxc4 dxc4 32. Rxe5 Rb1 33. Bf4 Rb2+ 34.
Kf3 Bxg5 35. Rxg5 Rxa2 36. Rxg6+ Kf7 37. Rc6 Ra1 38. Rxc5 a5 39. Rxc4 a4 40.
Be5 a3 41. Ra4 a2 42. c4 Rc1 43. Rxa2 Rxc4 44. Ra6 Rc5 45. Kf4 Rc8 46. Kf5 Rd8
47. Ra7+ Kg8 48. Kg6 Re8 49. Rg7+ 1-0

[Event "Cto de Aragon por Equipos – Preferente Grupo I"]
[Site ""]
[Date "2022.03.26"]
[Round "9.46"]
[White "Crespo Laborda, Alberto"]
[Black "Moreno Burillo, Marcos Antonio"]
[Result "0-1"]
[WhiteElo "1552"]
[BlackElo "1690"]
[PlyCount "0"]
[WhiteTeam "Palacio De Pioneros D"]
[BlackTeam "IberCaja B"]
[EventDate "2022.01.29"]

1. d4 d6 2. Nf3 Nf6 3. c4 Bf5 4. Nc3 g6 5. Nh4 Bd7 6. e4 Nc6 7. f4 e5 8. Nf3
Bg4 9. fxe5 dxe5 10. d5 Nd4 11. Be2 Bxf3 12. Bxf3 Bc5 13. Bg5 h6 14. Bh4 g5 15.
Bf2 Qe7 16. a3 g4 17. Be2 a6 18. b4 Nxe2 19. Qxe2 Bd4 20. Bxd4 exd4 21. e5 Nd7
22. e6 fxe6 23. dxe6 dxc3 24. exd7+ Kxd7 25. O-O-O+ Ke8 26. Rhe1 Qxe2 27. Rxe2+
Kf8 28. Rf1+ Kg8 29. Re7 a5 30. b5 c6 31. b6 h5 32. a4 Rh6 33. c5 Rg6 34. Rf5
Rg7 35. Rxg7+ Kxg7 36. Rxh5 Kg6 37. Rh4 Re8 38. Rxg4+ Kf5 39. Rg7 Ke4 40. Rxb7
Kd4 41. Ra7 Re1+ 42. Kc2 Re2+ 43. Kc1 Re1+ 44. Kc2 Re2+ 45. Kd1 c2+ 46. Kc1 Kc3
0-1

[Event "Cto de Aragon por Equipos – Preferente Grupo I"]
[Site ""]
[Date "2022.03.26"]
[Round "9.47"]
[White "Barranco Castillo, Jose Antonio"]
[Black "Herranz Gracia, Diego"]
[Result "1-0"]
[WhiteElo "1630"]
[BlackElo "1460"]
[PlyCount "0"]
[WhiteTeam "IberCaja B"]
[BlackTeam "Palacio De Pioneros D"]
[EventDate "2022.01.29"]

1. c4 c5 2. g3 g6 3. Bg2 Bg7 4. Nf3 Nc6 5. Nc3 Nf6 6. O-O O-O 7. d4 cxd4 8.
Nxd4 a6 9. Nc2 d6 10. b3 Rb8 11. Bb2 e6 12. Rc1 Ne7 13. Ba3 Ne8 14. Qd3 b5 15.
cxb5 axb5 16. Nxb5 Ba6 17. Ncd4 Bxd4 18. Qxd4 Bxb5 19. Rfd1 Nf5 20. Qd2 Qb6 21.
e4 Nfg7 22. e5 Qa6 23. Bb4 $138 1-0

[Event "Cto de Aragon por Equipos – Preferente Grupo I"]
[Site ""]
[Date "2022.03.26"]
[Round "9.48"]
[White "Chueca Lorente, Javier"]
[Black "Malo Guillen, Jose Luis"]
[Result "1/2-1/2"]
[WhiteElo "2119"]
[BlackElo "2118"]
[PlyCount "0"]
[WhiteTeam "MyInvestor Casablanca B"]
[BlackTeam "Las Fuentes"]
[EventDate "2022.01.29"]

1. c4 e6 2. g3 d5 3. Bg2 Nf6 4. Nf3 c5 5. O-O Nc6 6. b3 Be7 7. Bb2 O-O 8. cxd5
exd5 9. d4 b6 10. Nc3 h6 11. Rc1 Be6 12. Re1 Rc8 13. e3 Na5 1/2-1/2

[Event "Cto de Aragon por Equipos – Preferente Grupo I"]
[Site ""]
[Date "2022.03.26"]
[Round "9.49"]
[White "Matamoros Villarreal, Antonio"]
[Black "Antonano Fernandez - Quincoces, Avelino"]
[Result "1/2-1/2"]
[WhiteElo "1883"]
[BlackElo "2024"]
[PlyCount "0"]
[WhiteTeam "Las Fuentes"]
[BlackTeam "MyInvestor Casablanca B"]
[EventDate "2022.01.29"]


1. d4 e6 2. Bf4 Nf6 3. e3 c5 4. c3 b6 5. Nd2 cxd4 6. exd4 Bb7 7. Ngf3 Be7 8. h3
O-O 9. Bd3 d6 10. Qe2 Re8 11. O-O Nbd7 12. Rfd1 Qc7 13. Ne4 Nxe4 14. Bxe4 Bxe4
15. Qxe4 Bf8 16. Re1 b5 17. a4 Rab8 18. axb5 Rxb5 19. Ra2 Reb8 20. Rea1 R8b7
21. Qc2 Nf6 22. Ne1 Nd5 23. Bc1 Nb6 24. Ra6 Nc4 25. Nd3 Ra5 26. b3 Rxa1 27.
Rxa1 Na5 28. b4 Nc4 29. Bd2 e5 30. Be1 g6 31. Qe2 Bg7 32. dxe5 Bxe5 33. Nxe5
Nxe5 34. Ra6 Rb6 35. Bd2 Rxa6 36. Qxa6 Nc4 37. Bh6 f6 38. Qb5 Kf7 39. Qd5+ Ke7
40. Qg8 Ne5 41. Bf8+ Kd7 42. Qxh7+ Kc8 43. Qxc7+ Kxc7 44. Bh6 Kc6 45. Kf1 Kb5
46. Ke2 Kc4 47. Kd2 Nc6 48. Bf8 d5 49. Bc5 a5 50. Bf8 axb4 51. cxb4 Nxb4 52.
Bxb4 Kxb4 53. Kd3 Kc5 54. h4 f5 55. g3 d4 56. f3 Kd5 57. g4 fxg4 58. fxg4 Ke5
59. h5 gxh5 1/2-1/2

[Event "Cto de Aragon por Equipos – Preferente Grupo I"]
[Site ""]
[Date "2022.03.26"]
[Round "9.50"]
[White "Cebollada Pacheco, Jesus Raul"]
[Black "Querol Soro, Sergio"]
[Result "1-0"]
[WhiteElo "1935"]
[BlackElo "1845"]
[PlyCount "0"]
[WhiteTeam "MyInvestor Casablanca B"]
[BlackTeam "Las Fuentes"]
[EventDate "2022.01.29"]

1. e4 g6 2. d4 Bg7 3. Nc3 c5 4. Nf3 cxd4 5. Nxd4 Nc6 6. Be3 d6 7. Qd2 Bd7 8.
Bc4 a6 9. O-O-O b5 10. Bb3 Rc8 11. Kb1 Na5 12. f3 Nc4 13. Bxc4 Rxc4 14. Nd5 Nf6
15. g4 Bc8 16. b3 Nxd5 17. exd5 Rc7 18. Nc6 Qd7 19. Nb8 Qd8 20. Bb6 Bb7 21. Nc6
Qc8 22. Bxc7 Qxc7 23. Qa5 Qd7 24. Qb6 O-O 25. Rhe1 Bf6 26. Rd3 Rc8 27. Na5 Rb8
28. Rh1 Qc8 29. Nc6 Bxc6 30. Qxc6 Qxc6 31. dxc6 Rc8 32. h4 h6 33. f4 Rxc6 34.
g5 hxg5 35. hxg5 Bg7 36. Re1 Kf8 37. Re4 Rc5 38. c4 b4 39. Rd5 Rc6 40. Ra5 e6
41. Re2 Ke7 42. a3 Bc3 43. Kc2 Kd7 44. Kd3 Kc7 45. Ra2 Kb7 46. Ra4 Rb6 47. axb4
Bxb4 48. Rh2 Bc5 49. Rh7 Rxb3+ 50. Kc2 Rf3 51. Rxf7+ Kb6 52. Rf6 Be3 53. Rxe6
Bxf4 54. Rxg6 Be5 55. Re6 Rg3 56. g6 Rg1 57. Kd3 Kc6 58. Re7 Kb6 59. Re6 Kc6
60. Rxa6+ Kd7 61. Rxe5 dxe5 62. g7 Ke7 63. Ke4 Kf7 64. Ra7+ Kf6 65. c5 1-0

[Event "Cto de Aragon por Equipos - Preferente Grupo II"]
[Site ""]
[Date "2022.03.05"]
[Round "6.52"]
[White "Sanjulian Arruga, Pablo"]
[Black "Veras Sanz, Marino"]
[Result "1/2-1/2"]
[WhiteElo "1888"]
[BlackElo "2062"]
[PlyCount "0"]
[WhiteTeam "MyInvestor Casablanca C"]
[BlackTeam "El Olivar B"]
[EventDate "2022.01.29"]

1. c4 c5 2. Nf3 g6 3. d4 cxd4 4. Nxd4 Bg7 5. e4 Nc6 6. Be3 Nf6 7. Nc3 d6 8. Be2
O-O 9. O-O Bd7 10. h3 Rc8 11. Rc1 a6 12. b3 Qa5 13. Nd5 Nxd5 14. exd5 Nxd4 15.
Bxd4 Bxd4 16. Qxd4 Qxa2 17. Rfe1 Qa5 18. Bg4 Bxg4 19. hxg4 Rfe8 20. Re3 Qc5 21.
Qf4 e5 22. dxe6 Rxe6 23. Rf3 Rc7 24. Rd1 Rce7 25. Rd5 Qa3 26. Rfd3 Qa1+ 27. Kh2
Rf6 28. Qd2 Qe1 1/2-1/2

[Event "Cto de Aragon por Equipos - Preferente Grupo II"]
[Site ""]
[Date "2022.03.05"]
[Round "6.53"]
[White "Galve Guinea, Alejandro"]
[Black "Ruiz Fernandez, Daniel"]
[Result "1-0"]
[WhiteElo "1984"]
[BlackElo "1803"]
[PlyCount "0"]
[WhiteTeam "El Olivar B"]
[BlackTeam "MyInvestor Casablanca C"]
[EventDate "2022.01.29"]

1. Nf3 Nf6 2. c4 e6 3. Nc3 d5 4. d4 c5 5. cxd5 Nxd5 6. e4 Nxc3 7. bxc3 cxd4 8.
cxd4 Bb4+ 9. Bd2 Bxd2+ 10. Qxd2 O-O 11. Bc4 Nd7 12. O-O Nf6 13. Rfe1 b6 14.
Rad1 Bb7 15. Bd3 h6 16. Qf4 Rc8 17. h4 Qe7 18. d5 exd5 19. exd5 Qc5 20. d6 Rfd8
21. Bf5 Rb8 22. d7 Nh5 23. Qxb8 1-0

[Event "Cto de Aragon por Equipos - Preferente Grupo II"]
[Site ""]
[Date "2022.03.05"]
[Round "6.54"]
[White "Bello Cera, Raul"]
[Black "Requena Munguira, Jorge"]
[Result "1-0"]
[WhiteElo "1641"]
[BlackElo "1904"]
[PlyCount "0"]
[WhiteTeam "MyInvestor Casablanca C"]
[BlackTeam "El Olivar B"]
[EventDate "2022.01.29"]

1. e4 c6 2. d4 d5 3. exd5 cxd5 4. Nf3 Nc6 5. c4 Nf6 6. Nc3 e6 7. cxd5 Nxd5 8.
a3 Be7 9. Bd3 Bf6 10. Bc2 Qa5 11. Bd2 Nxd4 12. Nxd4 Bxd4 13. Ba4+ Bd7 14. Bxd7+
Kxd7 15. Ne2 Qb6 16. Qa4+ Ke7 17. Qxd4 Qxd4 18. Nxd4 Rac8 19. Rc1 Rxc1+ 20.
Bxc1 Rc8 21. Kd1 e5 22. Ne2 b5 23. Bd2 a6 24. Nc3 Nb6 25. b3 f5 26. Ke2 Nd7 27.
Rc1 Ke6 28. Na2 Rxc1 29. Nxc1 e4 30. Bc3 g5 31. g3 h5 32. Ke3 Kd5 33. Ne2 Nc5
34. Nd4 a5 35. Nxf5 Nxb3 36. Nd4 b4 37. Nxb3 bxc3 38. Nxa5 g4 39. Ke2 Kc5 40.
Kd1 Kd4 41. Nb3+ Kd3 42. a4 c2+ 43. Ke1 Kc4 44. Nc1 1-0

[Event "Cto de Aragon por Equipos - Preferente Grupo II"]
[Site ""]
[Date "2022.03.05"]
[Round "6.55"]
[White "Arinez Bruna, Octavio"]
[Black "Sese Serrano, Isaac"]
[Result "1-0"]
[WhiteElo "1870"]
[BlackElo "1262"]
[PlyCount "0"]
[WhiteTeam "El Olivar B"]
[BlackTeam "MyInvestor Casablanca C"]
[EventDate "2022.01.29"]

1. d4 Nf6 2. Bg5 e6 3. e3 Be7 4. Nf3 O-O 5. Bd3 b6 6. O-O Bb7 7. Nbd2 d6 8. Qe2
Nbd7 9. e4 Nh5 10. h4 h6 11. Bxe7 Qxe7 12. Qe3 Ndf6 13. Rfe1 Rfe8 14. Rad1 e5
15. c3 Nf4 16. dxe5 dxe5 17. Nf1 Ng6 18. g3 Ng4 19. Qe2 Rad8 20. Ne3 Bc8 21.
Bb5 Rf8 22. h5 Nh8 23. Nd5 Qd6 24. Bc4 Nf6 25. Nh4 c6 26. Nxb6 Qb8 27. Nxc8
Qxc8 28. Nf5 Qb7 29. b3 Kh7 30. Rxd8 Rxd8 31. Rd1 Rxd1+ 32. Qxd1 Qc8 33. Qf3
Qd7 34. a4 Qd2 35. Ne7 c5 36. Qf5+ g6 37. hxg6+ 1-0

[Event "Cto de Aragon por Equipos - Preferente Grupo II"]
[Site ""]
[Date "2022.03.05"]
[Round "6.56"]
[White "Carrasquer Alonso, Luis"]
[Black "Iglesias Fernandez, Luis"]
[Result "0-1"]
[WhiteElo "1822"]
[BlackElo "1856"]
[PlyCount "0"]
[WhiteTeam "Jaque - Pirenauto B"]
[BlackTeam "Palacio De Pioneros C"]
[EventDate "2022.01.29"]

1. e4 e6 2. Nf3 d5 3. exd5 exd5 4. d4 Nf6 5. Nc3 Bb4 6. Bd2 O-O 7. Be2 Bg4 8.
O-O c6 9. h3 Bh5 10. a3 Bd6 11. Bg5 Nbd7 12. Re1 Qc7 13. Nd2 Bxe2 14. Qxe2 Rfe8
15. Qd3 h6 16. Bh4 g5 17. Bg3 Bxg3 18. Qxg3 Qxg3 19. fxg3 Rxe1+ 20. Rxe1 Re8
21. Rxe8+ Nxe8 22. Kf2 Nd6 23. g4 Kg7 24. Ne2 Kg6 25. Kf3 h5 26. gxh5+ Kxh5 27.
g4+ Kg6 28. Ng3 Nf8 29. c3 Ne6 30. Ne2 f6 31. b3 b5 32. Ke3 a5 33. a4 bxa4 34.
bxa4 f5 35. gxf5+ Nxf5+ 36. Kf3 Nd6 37. Kg4 Nf8 38. Nf3 Nf7 39. Nc1 Nd7 40. Nb3
Nf6+ 41. Kg3 Ne4+ 42. Kg2 Nxc3 43. Nxa5 Nxa4 44. Nxc6 Nc3 45. Kf2 Nd6 46. Ne7+
Kh5 47. Ng8 Nce4+ 48. Kg2 Nf5 49. Nh2 Kg6 50. Kf3 Nxd4+ 51. Ke3 Nf5+ 52. Kf3
Kg7 53. Kg4 Ne3+ 54. Kf3 Kxg8 55. Kxe3 Kf7 56. Ng4 Ke6 57. Kd4 Kd6 58. Ke3 Kc5
59. Ne5 Nf6 60. Nf7 d4+ 61. Kd3 Nh7 62. Ne5 Nf8 63. Nf3 Ne6 64. Ke4 Kc4 65.
Nxd4 Nxd4 66. Ke5 Kd3 67. Kf6 Nf3 68. Kf5 Ke3 69. Kg4 Kf2 70. h4 gxh4 71. Kh3
Kg1 72. Kg4 Kg2 0-1

[Event "Cto de Aragon por Equipos - Preferente Grupo II"]
[Site ""]
[Date "2022.03.05"]
[Round "6.57"]
[White "Cacho Almorin, Javier"]
[Black "Montoro Mavilla, Sergio"]
[Result "1-0"]
[WhiteElo "1648"]
[BlackElo "1784"]
[PlyCount "0"]
[WhiteTeam "Palacio De Pioneros C"]
[BlackTeam "Jaque - Pirenauto B"]
[EventDate "2022.01.29"]

1. e4 e6 2. d4 d5 3. exd5 exd5 4. Bd3 Bd6 5. Nf3 Nc6 6. c3 Nge7 7. Qc2 Bg4 8.
Nbd2 Qd7 9. O-O O-O-O 10. b4 Ng6 11. a4 Nf4 12. b5 Na5 13. Ne5 Bxe5 14. dxe5
Nxd3 15. Qxd3 Rhe8 16. Ba3 Nc4 17. Nxc4 dxc4 18. Qe3 Kb8 19. Bc5 b6 20. Bd4 f6
21. f4 g5 22. a5 gxf4 23. Qxf4 fxe5 24. Bxe5 Be6 25. axb6 axb6 26. Ra6 Kb7 27.
Rfa1 Ra8 28. Bxc7 Qxb5 29. Bxb6 Qc6 30. Rxa8 Rxa8 31. Rb1 Ra3 32. Bd4+ Rb3 33.
Ra1 Rb6 34. Qf8 Ra6 35. Rb1+ Kc7 36. Qb8+ Kd7 37. Rb7+ 1-0

[Event "Cto de Aragon por Equipos - Preferente Grupo II"]
[Site ""]
[Date "2022.03.05"]
[Round "6.58"]
[White "Vinuales Ferro, Antonio"]
[Black "Bruna Barranco, Ignacio"]
[Result "1/2-1/2"]
[WhiteElo "1601"]
[BlackElo "1604"]
[PlyCount "0"]
[WhiteTeam "Jaque - Pirenauto B"]
[BlackTeam "Palacio De Pioneros C"]
[EventDate "2022.01.29"]

1. b4 d5 2. Bb2 Nf6 3. e3 Bf5 4. Nf3 e6 5. a3 Nbd7 6. c4 dxc4 7. Bxc4 c6 8. O-O
Bd6 9. d3 O-O 10. e4 Bg4 11. h3 Bxf3 12. Qxf3 Ne5 13. Qe2 Nxc4 14. dxc4 e5 15.
Nd2 Qe7 16. c5 Bc7 17. Nc4 Rad8 18. Rad1 h6 19. Rfe1 Rfe8 20. Qf3 Nh7 21. Rxd8
Rxd8 22. Rd1 Ng5 23. Rxd8+ Qxd8 1/2-1/2

[Event "Cto de Aragon por Equipos - Preferente Grupo II"]
[Site ""]
[Date "2022.03.05"]
[Round "6.59"]
[White "Gutierrez Mingueza, Ruben"]
[Black "Campo Pelegrin, Ramon"]
[Result "1-0"]
[WhiteElo "2043"]
[BlackElo "1787"]
[PlyCount "0"]
[WhiteTeam "San Jose"]
[BlackTeam "Enroque de Barbastro"]
[EventDate "2022.01.29"]

1. c4 e5 2. d3 Nc6 3. Nf3 Bc5 4. a3 a5 5. b3 d6 6. Bb2 f5 7. e3 Qe7 8. Be2 Bb6
9. Nc3 Nf6 10. O-O O-O 11. Re1 h6 12. d4 e4 13. Nd2 f4 14. exf4 e3 15. fxe3
Qxe3+ 16. Kh1 Nxd4 17. c5 Nxe2 18. cxb6 Nxc3 19. Rxe3 Nxd1 20. Rxd1 cxb6 21.
Nc4 d5 22. Nxb6 Bg4 23. Rde1 Ra6 24. Bd4 Rf7 25. g3 Bf5 26. Kg1 Be4 27. Rc3 Nd7
28. Rec1 Nf8 29. Rc7 Rxc7 30. Rxc7 Ne6 31. Rc8+ Kf7 32. Bf2 d4 33. Nd7 Rd6 34.
Ne5+ Kf6 35. Nc4 Rd5 36. Nd2 Bd3 37. Rc1 b6 38. Rc6 b5 39. g4 g6 40. Nf3 Ke7
41. Ne5 Be4 42. Rb6 Nxf4 43. Nc6+ Kd7 44. Nxd4 Rxd4 45. Bxd4 Ne2+ 46. Kf2 Nxd4
47. Ke3 1-0

[Event "Cto de Aragon por Equipos - Preferente Grupo II"]
[Site ""]
[Date "2022.03.05"]
[Round "6.60"]
[White "Delgado Pascual, Hugo"]
[Black "Ferreruela Romero, Jose Joaquin"]
[Result "0-1"]
[WhiteElo "1704"]
[BlackElo "2007"]
[PlyCount "0"]
[WhiteTeam "Enroque de Barbastro"]
[BlackTeam "San Jose"]
[EventDate "2022.01.29"]

1. e4 c6 2. d4 d5 3. exd5 cxd5 4. c4 Nf6 5. Nf3 e6 6. Nc3 Bb4 7. Bd2 O-O 8. Be2
dxc4 9. Bxc4 Nbd7 10. O-O Nb6 11. Bd3 Bd7 12. a3 Be7 13. Ne5 Rc8 14. Qf3 Bc6
15. Nxc6 Rxc6 16. Bb5 Rc7 17. Rad1 Nbd5 18. Bd3 Nxc3 19. Bxc3 Qd5 20. Qxd5 Nxd5
21. Ba5 b6 22. Bd2 Rd8 23. Be3 f5 24. g3 g5 25. Rfe1 Kf7 26. Kf1 Bf6 27. Bb1 h5
28. Ba2 Rc2 29. Re2 Rdc8 30. Bxd5 exd5 31. f3 g4 32. f4 h4 33. Rxc2 Rxc2 34.
Rd2 Rxd2 35. Bxd2 hxg3 36. hxg3 Bxd4 0-1

[Event "Cto de Aragon por Equipos - Preferente Grupo II"]
[Site ""]
[Date "2022.03.05"]
[Round "6.61"]
[White "Serrano San Nicolas, Angel"]
[Black "Sanclemente Aragues, Angel"]
[Result "1-0"]
[WhiteElo "1961"]
[BlackElo "1605"]
[PlyCount "0"]
[WhiteTeam "San Jose"]
[BlackTeam "Enroque de Barbastro"]
[EventDate "2022.01.29"]


1. e4 c6 2. d4 d5 3. f3 e6 4. Nc3 a6 5. Be3 b5 6. Bd3 Nd7 7. Nh3 Bb7 8. O-O c5
9. exd5 exd5 10. Re1 (10. dxc5 Nxc5 (10... Bxc5 11. Bxc5 Nxc5 12. Qe2+ Qe7 13.
Rfe1)) 10... c4 11. Bf5 Bd6 12. Bh6+ Ne7 13. Bxg7 Rg8 14. Bh6 Qc7 15. Rxe7+
Bxe7 16. Qe2 Qd6 17. Re1 Kd8 18. Nf4 Bf6 (18... Bh4 19. g3 Qxh6) 19. Qd2 Qb6
20. Rd1 Ne5 21. Kh1 Ng6 22. Nfxd5 Qd6 23. Nxf6 Kc7 24. Nxg8 1-0

[Event "Cto de Aragon por Equipos - Preferente Grupo II"]
[Site ""]
[Date "2022.03.05"]
[Round "6.62"]
[White "Carrera Angulo, Nicolas"]
[Black "Palomar Ramon, Santiago"]
[Result "1/2-1/2"]
[WhiteElo "1472"]
[BlackElo "1900"]
[PlyCount "0"]
[WhiteTeam "Enroque de Barbastro"]
[BlackTeam "San Jose"]
[EventDate "2022.01.29"]


1. e4 e5 2. Nf3 Nc6 3. d4 exd4 4. Nxd4 Bb4+ 5. c3 Be7 6. Be3 Nf6 7. Bd3 d5 8.
Nd2 O-O 9. O-O Ne5 10. Bc2 dxe4 11. Nxe4 c5 12. Nb3 Nc4 (12... b6) 1/2-1/2

[Event "Cto de Aragon por Equipos - Preferente Grupo II"]
[Site ""]
[Date "2022.03.05"]
[Round "6.63"]
[White "Arrieta Restrepo, Steven"]
[Black "Vallverdu Miret, Oscar"]
[Result "1-0"]
[WhiteElo "2031"]
[BlackElo "2111"]
[PlyCount "0"]
[WhiteTeam "Monzon"]
[BlackTeam "Fraga"]
[EventDate "2022.01.29"]

1. e4 c6 2. Nc3 d5 3. Nf3 Bg4 4. d4 e6 5. h3 Bxf3 6. Qxf3 dxe4 7. Qxe4 Nf6 8.
Qd3 Qc7 9. g3 Nbd7 10. Bg2 Bd6 11. O-O h5 12. h4 O-O-O 13. Rb1 e5 14. d5 Nc5
15. Qf5+ Qd7 16. Qxd7+ Kxd7 17. dxc6+ bxc6 18. Rd1 Ne6 19. Be3 Ra8 20. b4 a6
21. Bc5 Nd4 22. Bxd4 exd4 23. Rxd4 Rad8 24. Re1 Kc7 25. Red1 c5 26. bxc5 Be5
27. Nd5+ Nxd5 28. Rxd5 Rxd5 29. Bxd5 f6 1-0

[Event "Cto de Aragon por Equipos - Preferente Grupo II"]
[Site ""]
[Date "2022.03.05"]
[Round "6.64"]
[White "Aribau Rivas, Miguel Angel"]
[Black "Barranco Mananet, Fernando"]
[Result "1/2-1/2"]
[WhiteElo "2024"]
[BlackElo "1981"]
[PlyCount "0"]
[WhiteTeam "Fraga"]
[BlackTeam "Monzon"]
[EventDate "2022.01.29"]

1. e4 e6 2. d4 d5 3. Nc3 Nf6 4. e5 Nfd7 5. f4 c5 6. Nf3 Nc6 7. Be3 Qc7 8. Qd2
cxd4 9. Nxd4 Nxd4 10. Bxd4 Bc5 11. Na4 Qc6 12. Nxc5 Nxc5 13. Qe3 b6 14. Rc1 Bd7
15. Be2 Rc8 16. O-O b5 17. c4 dxc4 18. b3 O-O 19. Rfd1 Rfd8 20. bxc4 b4 21.
Bxc5 Qxc5 22. Qxc5 Rxc5 23. Rd6 Kf8 24. Rcd1 Ke7 1/2-1/2

[Event "Cto de Aragon por Equipos - Preferente Grupo II"]
[Site ""]
[Date "2022.03.05"]
[Round "6.65"]
[White "Hidalgo Gracia, Andres"]
[Black "Casas Chine, German"]
[Result "1/2-1/2"]
[WhiteElo "1817"]
[BlackElo "1775"]
[PlyCount "0"]
[WhiteTeam "Monzon"]
[BlackTeam "Fraga"]
[EventDate "2022.01.29"]

1. e4 c5 2. Nc3 d6 3. g3 g6 4. Bg2 Nc6 5. d3 Bg7 6. f4 e6 7. Nf3 Nge7 8. O-O
O-O 9. h3 Nd4 10. Ne2 Nxf3+ 11. Bxf3 b5 12. c3 Rb8 13. Be3 Qc7 14. d4 c4 15.
Qd2 a5 16. a3 f5 17. Kh2 d5 18. exd5 Nxd5 19. Bxd5 exd5 20. Ng1 Re8 21. Nf3 Be6
22. Rfe1 Qd6 23. Ne5 Bxe5 24. fxe5 Qb6 25. Bg5 b4 26. axb4 axb4 27. Re2 b3 28.
Bf6 Ra8 29. Rxa8 Rxa8 30. Qh6 Qb7 31. h4 Qf7 1/2-1/2

[Event "Cto de Aragon por Equipos - Preferente Grupo II"]
[Site ""]
[Date "2022.03.05"]
[Round "6.66"]
[White "Canales Navarro, Carlos"]
[Black "Rodriguez Aranda, Kevin"]
[Result "1-0"]
[WhiteElo "1541"]
[BlackElo "1742"]
[PlyCount "0"]
[WhiteTeam "Fraga"]
[BlackTeam "Monzon"]
[EventDate "2022.01.29"]

1. c4 Nf6 2. Nc3 e6 3. e4 d5 4. e5 Nfd7 5. d4 Bb4 6. Nf3 c5 7. a3 cxd4 8. axb4
dxc3 9. bxc3 Qc7 10. cxd5 Nxe5 11. dxe6 Qxc3+ 12. Bd2 Nxf3+ 13. gxf3 Qe5+ 14.
Be3 Bxe6 15. Qd4 Qxd4 16. Bxd4 O-O 17. Rxa7 Nc6 18. Rxa8 Rxa8 19. Bc5 Ra1+ 20.
Kd2 Bh3 21. Ke2 Ne5 22. f4 Bg4+ 23. Ke3 Ra3+ 24. Kd4 Nc6+ 25. Kc4 Bf3 26. Rg1
Ra1 27. Rg3 Rc1+ 28. Kb5 Rxf1 29. Rxf3 Rb1 30. Rd3 f5 31. Rd7 b6 32. Kxc6 bxc5
33. bxc5 Rb4 34. Kd5 Rxf4 35. c6 Rxf2 36. c7 Rc2 37. Rd8+ Kf7 38. c8=Q Rxc8 39.
Rxc8 1-0

[Event "Cto de Aragon por Equipos - Preferente Grupo II"]
[Site ""]
[Date "2022.03.05"]
[Round "6.67"]
[White "Jario Garcia, Ricardo"]
[Black "Osorio Marin, Alejandro"]
[Result "1-0"]
[WhiteElo "2010"]
[BlackElo "1960"]
[PlyCount "0"]
[WhiteTeam "Marcos Frechin B"]
[BlackTeam "Shatranj"]
[EventDate "2022.01.29"]

1. e4 c5 2. Nf3 d6 3. g3 Nf6 4. d3 Nc6 5. Bg2 g6 6. O-O Bg7 7. c3 O-O 8. Qe2 e5
9. a3 a5 10. a4 Rb8 11. Na3 Be6 12. Ng5 Qd7 13. Nxe6 fxe6 14. f4 exf4 15. Bxf4
Rbd8 16. Nb5 e5 17. Bg5 Rf7 18. Bf3 Rdf8 19. Rae1 h6 20. Be3 Kh7 21. Kg2 b6 22.
h3 Nd8 23. Rf2 h5 24. Bg5 Ne6 25. h4 Bh6 26. Bxf6 Rxf6 27. Ref1 R8f7 28. Qe1
Kg7 29. Bd1 Rxf2+ 30. Rxf2 Rxf2+ 31. Qxf2 Nc7 32. Na3 Qf7 33. Qxf7+ Kxf7 34.
Nc4 Ke6 35. Nxb6 Bc1 36. Nc4 d5 37. exd5+ Nxd5 38. Kf2 Kf5 39. Bf3 Nf6 40. Ke2
Ng4 41. Bxg4+ Kxg4 42. Kf2 Kf5 43. Kf3 Kf6 44. Ke4 g5 45. b3 gxh4 46. gxh4 Bf4
47. Kf3 Kf5 48. Nd6+ Ke6 49. Ne4 Kd5 50. Nf6+ Ke6 51. Nxh5 Bd2 52. c4 Be1 53.
Ng3 Kf7 54. Kg4 Bd2 55. Ne4 Be3 56. Kf5 Bd4 57. Nd6+ 1-0